| 000 | 01339nam a2200337 i 4500 | ||
|---|---|---|---|
| 003 | EG-GICUC | ||
| 005 | 20260418092118.0 | ||
| 008 | 260418s1896 fr fr|||| 00| 0 fre d | ||
| 040 |
_aEG-GiCUC _bfre _cEG-GiCUC _dEG-GiCUC _eRda |
||
| 041 | _afre | ||
| 082 | 0 | 4 |
_221 _a343 _bBO . L |
| 092 | 0 | 4 | _221 |
| 099 | _aLaw1 10 343 BO . L 1896 | ||
| 100 | 1 |
_a Boitard, Joseph-Ernest _eAuteur |
|
| 245 | 1 | 0 |
_aLeçons De Droit Criminel : _bContenant L'explication Complète Des Codes Pénal Et D'instruction Criminelle / _cPar Boitard ; Recueillies Par Gustave De Linage ; Treizième Édition Revue Et Mise AU Courant De La Législation Par Edmond Villey ; Augmentée D'un Supplément... Par E. Mesnard. |
| 250 | _aTreizième édition. | ||
| 264 | 1 |
_aParis : _bmprimerie et Librairie Générale de Jurisprudence Marchal et Billard, _c1896. |
|
| 300 |
_a893page ; _c 24 cm. |
||
| 336 |
_2rda contenu _a texte |
||
| 337 |
_2rda medias _aOrdinateur |
||
| 338 |
_2 transporteur rda _a Ressource en ligne |
||
| 546 | _aTexte en français | ||
| 650 | 1 |
_aDroit pénal _2qrmak |
|
| 651 | 1 | _2qrmak | |
| 700 | 1 |
_a Linage, Gustave de. | _eCo-Auteur |
|
| 700 | 1 |
_aVilley, Edmond, _ePréfacier |
|
| 700 | 1 |
_aMesnard, E. _eIllustrateur |
|
| 856 | 4 | 0 | _uhttps://fll.law.cu.edu.eg/fulltext/bks/B10-00412.pdf |
| 905 | _a167 | ||
| 942 |
_2ddc _cBK _e21 _n0 |
||
| 999 |
_c71597 _d71597 |
||